00810 2200289 4500001002100000005001500021035002000036007000300056040001700059100003500076245009400111250001200205300003300217041000800250082000600258084001200264090001700276264004600293336002100339337003000360338002300390650001100413850001000424008004100434990002200475990002300497INLIS00000000000654020260412083010 a0010-0422000145ta aSBPUPADbind0 aBAPPEDA Kota PadangePengarang1 aKoto Tangah Dalam Angka :bKoto Tangah In Figures Dua Ribu Delapan /cBAPPEDA Kota Padang a.-cet.1 a84 hlm. :bilus. ;c13x20 cm0 aind aR aR BAP k aR BAP k L1-3 a.--Padang :bBadan Pusat Statistik,c2008 2rdacontentaTeks 2rdamediaaTanpa Perantara 2rdacarrieravolume 4aProfil aPUPAD260412 0  a11958/S/KAPD/2010 a11958A/S/KAPD/2010